ATM - komunikačná revolúcia Prevratná technológia, ktorú možno porovnať len s vynájdením a rozšírením telegrafu a telefónu

Bibliographic Details
Main Author: Žitavan, Pavol (Author)
Format: Article
Language:Slovak
Subjects:

MARC

LEADER 00000nab a2200000 a 4500
001 vtls000584293
003 SK-MaSNL
005 20260303011349.0
008 120930c1996 xo 0 slo
015 |a SNBRB19rr/mm-uuuuu 
035 |a CL0584432 
040 |a SNKBUCL  |b slo  |c SNKBUCL  |e AACR2 
041 0 |a slo 
044 |a xo  |c SK 
080 |a 621.391:654.93:681.3  |2 1981 
080 |a 654.93  |2 1981 
080 |a 681.3  |2 1981 
100 1 |a Žitavan, Pavol  |4 aut  |9 989903 
245 1 0 |a ATM - komunikačná revolúcia  |b Prevratná technológia, ktorú možno porovnať len s vynájdením a rozšírením telegrafu a telefónu  |c Pavol Žitavan 
650 0 7 |a siete telekomunikačné ATM  |2 snkbucl  |9 981153 
655 7 |a články z novín a časopisov  |2 snkbucl  |9 267496 
773 0 |t Slovenský profit  |g Roč. 4, č. 20 (1996) 
773 0 |t [Príl.] Počítače  |g Č. 20 (1996), s. 13 
850 |a Slovenská národná knižnica v Martine  |a MTA001 
852 |a SNK  |b KIS3GCP 
958 |a RK 
992 |a RBX 
999 |c 1591733  |d 1593663